Statystyki dla Klasyfikacje medalowe Mistrzostw Świata w Biathlonie

Kliknij tutaj aby rozwiązać quiz!

Ogólne statystyki

  • Ten quiz został rozwiązany 78 razy
  • Średni wynik to 21 z 27

Statystyki odpowiedzi

HintOdpowiedź% Poprawnych
4Francja
99%
1Norwegia
99%
16Polska
97%
2Niemcy
96%
5Rosja
96%
13Austria
94%
8Finlandia
94%
7Szwecja
94%
12Czechy
89%
18Kanada
89%
18Słowacja
89%
15Słowenia
89%
17Stany Zjednoczone
89%
9Włochy
89%
10Ukraina
84%
11Białoruś
81%
22Chiny
80%
25Łotwa
76%
26Estonia
74%
21Bułgaria
69%
6NRD
67%
24Rumunia
67%
26Chorwacja
66%
23Czechosłowacja
66%
14RFN
60%
3Związek Radziecki
50%
20Wspólnota Niepodległych Panstw
7%

Rozkład punktacji

Percentyl według liczby udzielonych odpowiedzi

Procent ludzi z każdym wynikiem

Twoja historia wyników

Nie rozwiązałeś tego quizu